Zákazníkov je nevyhnutné rozlišovať

Spotrebiteľov nemožno zovšeobecniť a spriemerovať do akejsi jednej štandardnej osoby. Kategorizácia slovenských spotrebiteľov: srdeční, prostí, bezstarostní, nespútaní, rozvážni, draví.

Na minha lista:
Detalhes bibliográficos
Autor principal: Palfiová, Anna
Formato: Capítulo de Livro
Idioma:eslovaco
Assuntos:
Tags: Adicionar Tag
Sem tags, seja o primeiro a adicionar uma tag!

MARC

LEADER 00000naa a2200000 4500
001 0128871
005 20231208065155.6
041 0 |a slo 
044 |a SK 
245 1 0 |a Zákazníkov je nevyhnutné rozlišovať  |c Anna Palfiová 
520 |a Spotrebiteľov nemožno zovšeobecniť a spriemerovať do akejsi jednej štandardnej osoby. Kategorizácia slovenských spotrebiteľov: srdeční, prostí, bezstarostní, nespútaní, rozvážni, draví. 
610 2 0 |a spotrebitelia 
610 2 0 |a správanie spotrebiteľa 
610 2 0 |a Slovensko 
100 1 |a Palfiová, Anna